| 000 | 00410nam a2200157 a 4500 | ||
|---|---|---|---|
| 005 | 20140310183148.0 | ||
| 008 | 030201s19uu xx 00 eng d | ||
| 050 |
_aPS 3503.R167 _b.B798 1964 |
||
| 100 | _aBradbury, Ray | ||
| 245 |
_aDandelion Wine / _cRay Dandelion. |
||
| 260 |
_aNew York ; _bBantam Books, _c1964. |
||
| 300 |
_a184 p. : _c17 cm. |
||
| 650 | _aFiction | ||
| 942 |
_cBK _2lcc |
||
| 999 |
_c19597 _d19597 |
||